000 01564nam a2200349 c 4500
003 BLK
005 20250401100323.0
008 180408b bul|||||r ||||||| ||bul||
010 _aKNG00047552000
020 _a954-535-238-8
_bиздат.: Нов български университет
040 _aBLK
041 _aBUL
_cBUL
080 _aПсихология
_b159.9
_x(042.3)
_z159.9(042.3)
100 _aМихалчев, Димитър Георгиев
_d1880 - 1967
_gФилософ, социолог, общественик.
_9251432
139 _aМихалчев, Димитър Георгиев
_bМ 75
245 1 0 _aЛекции по обща психология
_bЧетени през зимното полугодие на 1910/1911 г. и изд. по бел. на самия преподавател
_cДимитър Георгиев Михалчев.
257 _aBGR
260 София
_bНов български университет
_c2001
_fСофия : Вулкан 4
300 _a272 с.
_c21 см
380 _a1
490 1 _aБългарско психологическо наследство
500 _aОфс. изд. - Библиогр. с. 263 ; Именен, предм. показалец.
650 4 _aПсихология
_9168332
653 _aлекции
653 _aпсихология
852 _aЦб 210172
856 4 _qpdf
_u
856 4 _qpdf
_u
942 _cKNG
_n0
_07
944 _aCR
_c01.01.2001
_k30576
_lЦветомила Тодорова
944 _aED
_c04.01.2007
_k
999 _c43806
_d43806